000 00383nam a2200157Ia 4500
003 LK-CoDNM
008 010623t2010 xxu||||| |||| 00| 1 eng d
040 _aLK-CoDNM
_dLK-CoDNM
_eLK-CoDNM
041 _aeng
080 _a07
_bIVO
100 _aIvon,Victor
245 _aInnocence Of The Pen Questioned
260 _bRavaya
_aMaharagama
_c2010
300 _b376, 21 cm
942 _cBK
999 _c129448
_d129448